What Type of Government? - Statistics

General Stats
  • This quiz has been taken 103 times
  • The average score is 6 of 14
Answer Stats
Hint Answer % Correct
United States Federal Presidential Republic
70%
Italy (1922-1943) Fascist
68%
Saudi Arabia Absolute Monarchy
62%
Soviet Union Socialist Republic
58%
Cuba Socialist Republic
58%
Vatican City Theocracy
52%
United Kingdom Parliamentary Constitutional Monarchy
46%
Brunei Absolute Monarchy
42%
Iran Theocracy
38%
France Semi-Presidential Republic
36%
Monaco Constitutional Monarchy
34%
North Korea Totalitarian
34%
Roman Empire Plutocracy
18%
Hungary Authoritarian
6%
No matching quizzes found
Score Distribution
Percent of People with Each Score
Percentile by Number Answered
Your Score History
You have not taken this quiz